000 00204nam a22000857a 4500
008 161124b xxu||||| |||| 00| 0 eng d
100 _91401
_aMauell.S.A.
245 _aWorld Problems-6
260 _aUSA
_bTCR
_c2011
999 _c4118
_d4118